000 00410nam a2200145Ia 4500
008 230917s9999||||xx |||||||||||||| ||und||
040 _e39228
_aMAIN
041 _aEnglish
082 _a954.5 G869E
100 _aGrewal, J S, ed.
245 0 _aEarly nineteenth century Punjab: From Ganesh Das's Chaar Bagh-i-Punjab
260 _aAmritsar
_bGuru Nanak Dev University
_c1975
300 _a202 p.
942 _cBK
999 _c227944
_d227944